|
|
|
|
| LEADER |
00657nam a2200157 a 4500 |
| 008 |
090824s1999 ii 001 0 eng d |
| 082 |
0 |
0 |
|a 515/.35
|2 21
|
| 100 |
1 |
|
|a Khanna, M. L.
|
| 245 |
1 |
0 |
|a Differential equations :
|b for honours and post-graduate classes /
|c M. L. Khanna.
|
| 260 |
|
|
|a Meerut, India :
|b Jai Prakash Nath & Co.,
|c 1999.
|
| 300 |
|
|
|a xvi, 483 p. ;
|c 22 cm.
|
| 541 |
1 |
|
|e 00011732
|
| 650 |
|
0 |
|a Differential equations.
|
| 852 |
4 |
|
|a Ayesha Abed Library
|j General shelf
|
| 999 |
|
|
|c 3582
|d 3582
|
| 952 |
|
|
|0 0
|1 0
|2 ddc
|4 0
|6 515_350000000000000_KHA
|7 0
|9 3253
|a BRACUL
|b BRACUL
|c GEN
|d 2009-09-02
|g 105.00
|l 6
|m 17
|o 515.35 KHA
|p 3010011732
|r 2023-03-02
|s 2023-01-24
|t 1
|w 2009-09-02
|y BK
|